[Event "Moscow Aeroflot op-A"]
[Site "Moscow"]
[Date "2006.02.16"]
[Round "9"]
[White "Vachier Lagrave, Maxime"]
[Black "Timofeev, Artyom"]
[Result "1-0"]
[WhiteElo "2542"]
[BlackElo "2653"]
[Annotator "Avrukh,B"]
[PlyCount "95"]
[EventDate "2006.02.08"]
[EventType "swiss"]
[EventRounds "9"]
[EventCountry "RUS"]
[SourceTitle "CBM 112"]
[Source "ChessBase"]
[SourceDate "2006.06.07"]
[SourceVersion "1"]
[SourceVersionDate "2006.06.07"]
[SourceQuality "1"]

1. e4 c5 2. Nf3 d6 3. d4 cxd4 4. Nxd4 Nf6 5. Nc3 Nc6 6. Bg5 e6 7. Qd2 a6 8.
O-O-O Bd7 9. f4 b5 10. Bxf6 gxf6 11. f5 Qb6 $5 {The modern way to treat a
classical line. Black activates the queen, but the bishop on f8 remains a bit
passive for a while.} (11... Nxd4 12. Qxd4 Bh6+ 13. Kb1 Bf4 14. Ne2 Be5 15. Qd2
exf5 $5 (15... Qc7 $6 16. Nd4 Rc8 17. fxe6 fxe6 18. Nf3 Bc6 19. Bd3 O-O 20.
Rhf1 Qg7 21. Qe3 Kh8 22. Nxe5 fxe5 23. g3 $16 {1-0 Tseshkovsky,V-Beliavsky,A/
Baku 1977}) (15... Qb6 16. fxe6 fxe6 17. Nf4 Rc8 (17... O-O-O 18. g3 Kb8 19.
Bh3 Rhe8 20. Rhf1 Bc8 21. Rf3 Qc6 {Cseshkovsky,V-Ermenkov,E/Albena/1977/1/2-1/
2/37}) 18. g3 Ke7 $10 {Bykhovsky,An}) 16. exf5 Bxf5 17. Nd4 Be6 18. Nf3 f5 19.
Bd3 Bg7 20. Rhf1 b4 21. Qg5 Bf6 22. Qf4 Qa5 23. Bc4 d5 24. Bb3 $44 {Van der
Wiel,J-Kozul,Z/Wijk aan Zee/1991/}) 12. Nxc6 (12. fxe6 fxe6 13. Nxc6 Qxc6 14.
Be2 h5 15. Qd4 Be7 16. Bf3 Rc8 17. Kb1 Qc5 18. Qd2 Qg5 19. Qe1 $13 {Wang
Zili-Popovic,P/Luzern/1989/}) 12... Bxc6 13. Kb1 (13. fxe6 fxe6 14. Qf4 h5 $1
15. Kb1 Be7 16. Bd3 O-O-O 17. Rhe1 $14 {Dvoirys,S - Panchenko,AN/ Cheliabinsk/
1989/0:1/43}) 13... Qc5 14. Bd3 O-O-O {The most natural move in the position,
even though one of the main experts in this line, the Croatian GM Kozul came
up with 14...b4!? in the latest game played in this line.} (14... h5 $6 15. Qe1
O-O-O (15... b4 16. Nd5 Bxd5 17. exd5 e5 18. c3 a5 19. Qg1 Qxg1 20. Rhxg1 $14 {
1-0 Solak,D-Kozul,Z/Bled 2005 (67)}) 16. Rf1 Bh6 17. fxe6 fxe6 18. Rxf6 Qe5 19.
Qf2 Bb7 20. Rf7 Rhf8 21. a3 Rxf7 22. Qxf7 Rf8 23. Qg6 Be3 24. Be2 $16 {1-0
Lastin,A-Palac,M/Panormo 2001 (37)}) (14... b4 $5 15. Ne2 e5 16. Ng3 Ke7 17.
Bc4 (17. Nh5 $5) 17... h5 18. Bd5 Rc8 19. Bxc6 Rxc6 20. Rhe1 Bh6 $132 {0-1
Erenburg,S-Kozul,Z/Kusadasi 2006 (33)}) 15. a4 $5 $146 {Immediately starting
active play on the queenside.} (15. Rhf1 Be7 16. Qe2 Kb8 17. a4 bxa4 18. Bxa6
Ka7 19. Bb5 Bxb5 20. Nxb5+ Kb6 21. Na3 Rb8 22. Ka2 Kc7 23. Rf3 $36 {1/2-1/2
Murariu,A-Lupulescu,C/Bucharest 2006 (61)}) 15... bxa4 {Black doesn't have
much choice as after} (15... b4 16. Bxa6+ Kb8 17. Na2 d5 18. Bb5 Bxb5 19. axb5
Qxb5 20. fxe6 fxe6 21. Qf4+ $16 {White just wins a pawn for no real
compensation.}) 16. Bxa6+ Kc7 17. Qd4 Qxd4 $2 {I guess this move could be
regarded as the decisive mistake. White's rook is perfectly placed on d4, so
Black won't manage to avoid the loss of the pawn on a4. It was necessary to
play} (17... Be7 {[%cal Gd8a8,Gh8b8,Gb8b4]} 18. Bc4 Qxd4 19. Rxd4 Kd7 $13 {
and Black is in time to protect all his weaknesses.}) 18. Rxd4 $16 {[%csl Ra4]}
Rg8 19. g3 Rb8 {[%csl Gb5]} 20. Rhd1 Be7 {Other moves would have hardly been
better.} (20... Rb6 21. Bc4 Kd7 22. Be2 $1 a3 23. b3 $16) (20... Ra8 21. Bb5
$16) 21. Rc4 $1 {[%cal Ga6b5]} Rb6 ({Unfortunately} 21... Kb6 {doesn't work
for Black} 22. Nxa4+ $1 Bxa4 23. Rxa4 Ra8 24. Rb4+ Kxa6 (24... Kc5 25. Rb7 $18)
25. Rd3 Ka5 26. Rb7 $18 {[%csl Ra5][%cal Gd3a3]}) 22. Bb5 {The pawn on a4 is
doomed.} Rgb8 23. Rxc6+ Rxc6 24. Bxc6 Kxc6 25. Rd4 $1 (25. Nxa4 $6 Rb4 26. Nc3
Bd8 $14 {[%cal Gd8b6,Gb6d4]}) 25... a3 26. Rc4+ Kd7 27. b3 h5 28. Ra4 Rb7 (
28... Rc8 29. Nb5) 29. Rxa3 d5 30. Ra4 dxe4 31. Rxe4 $18 {The rest is a matter
of technique.} Rb4 (31... Bd6 32. Rh4 $18 {[%csl Rh5]}) 32. Rxb4 Bxb4 33. Ne2
Be1 34. c3 Kd6 35. Kc2 h4 36. gxh4 Bxh4 37. Kd3 Ke5 38. Nd4 $1 {The most
accurate move in the position. White doesn't give Black the slightest chance
to fight for a draw.} Bf2 39. h4 Kf4 (39... Bxh4 40. Nf3+ $18) 40. fxe6 fxe6
41. Nxe6+ Kg4 42. c4 Bxh4 43. c5 Kf5 44. Nd4+ Kg4 45. c6 Bg3 46. b4 f5 47. b5
Bc7 48. Ne6 1-0

[Event "ISR-ch op"]
[Site "Ramat Aviv"]
[Date "1999.??.??"]
[Round "5"]
[White "Tseitlin, Mark D"]
[Black "Avrukh, Boris"]
[Result "1-0"]
[WhiteElo "2490"]
[BlackElo "2609"]
[Annotator "Avrukh,B"]
[PlyCount "67"]
[EventDate "1999.03.28"]
[EventType "swiss"]
[EventRounds "9"]
[EventCountry "ISR"]
[SourceTitle "CBM 070"]
[Source "ChessBase"]
[SourceDate "1999.06.08"]
[SourceVersion "1"]
[SourceVersionDate "1999.06.08"]
[SourceQuality "1"]

1. e4 c5 2. Nf3 d6 3. d4 cxd4 4. Nxd4 Nf6 5. Nc3 a6 6. Bg5 e6 7. f4 Qc7 8. Bxf6
gxf6 9. Qd2 Nc6 10. O-O-O Bd7 11. Kb1 h5 (11... O-O-O 12. f5 (12. Nce2 Kb8 13.
g3 h5 14. Bg2 Be7 15. h4 {[%csl Yg3]} Nxd4 16. Nxd4 Rdg8 17. Qe3 Qc5 18. Qb3
Bd8 19. Rhf1 (19. e5 d5) 19... Qb6 20. Qd3 Rg7 {[%cal Gh8g8] and black is ok.
0-1 Rowson,J-Rodriguez,A/Erevan 1996/EXT 96ch2 (40)}) (12. Nb3 h5 13. Be2 Na5
14. Rhf1 Kb8 15. Rf3 Be7 16. Rh3 $14 {0-1 Ivanov,A-Waitzkin,J/New York 1993/TD
93\03 (39)}) 12... Kb8 (12... h5 $6 13. Nxc6 Qxc6 14. fxe6 fxe6 15. Qf2 $1 {
[%csl Gf6]} Be7 (15... Kb8 $142 16. Qxf6 Bh6 $14) 16. Rd4 {[%cal Gd4c4]} b5 17.
a4 Qc5 18. axb5 axb5 19. h4 $3 {[%cal Gh1h3]} Rhf8 20. Qd2 Bc6 21. Rh3 f5 22.
Na4 $1 {with decisive attack for white 1-0 Brodsky,M-Avrukh,B/Groningen 1993/
EXP 38 (28)}) 13. Bc4 Nxd4 14. Qxd4 Be7 15. Bb3 Qc5 16. Qd3 h5 17. Qf3 h4 $11 {
1/2-1/2 Shmuter,L-Vaulin,A/St.Petersburg 1993/TD 93\09 (26)}) 12. Bc4 {.} Rg8 {
[%cal Gc6d4,Gg8g2][%mdl 8]} (12... O-O-O 13. Nxc6 $1 (13. Bb3 Na5) 13... Qxc6
14. Bb3 Kb8 15. Rhf1 Qc5 16. Qd3 h4 $2 (16... Be7 17. f5 Rdg8 18. Qh3 Rg4 $1 {
><e4 Leko,P}) 17. Qh3 Be7 18. f5 Qe5 19. Rde1 $1 Rde8 20. Ne2 Bf8 21. Nf4 $16 {
1-0 Topalov,V-Anand,V/Dortmund 1997/Inf 70/[Anand,V] (42)}) (12... Rc8 13. Bb3
$6 (13. Nxc6 $1 Qxc6 14. Bb3 {[%cal Gf4f5]}) 13... Na5 14. Qd3 Nxb3 15. Nxb3 b5
{1/2-1/2 Parma,B-Quinteros,M/Ljubljana/Portoroz 1973/EXT 97 (15)}) 13. Nxc6 $1
(13. Rhg1 $140 Nxd4 14. Qxd4 Qc5 15. Qd3 b5 16. Bb3 a5 $1 (16... b4 17. Ne2 Bb5
(17... a5 18. Bc4 Rc8 19. b3 $14) 18. Qf3 a5 19. Nd4) 17. e5 (17. a4 bxa4 18.
Bxa4 Bxa4 19. Nxa4 Qb4 20. b3 Rb8 $132 {[%cal Gb4a4]}) 17... f5 18. exd6 a4 19.
Bd5 exd5 20. Nxd5 O-O-O $1 $17) 13... bxc6 $2 {[%mdl 16384] Looks like a nice
achievement for black to take with b-pawn on c6,but in fact it's not good at
all.Now there is no safe place for black's king all over the board and white
using this fact during the game in a wonderful style.} (13... Bxc6 14. f5 $16 {
[%csl Ye6]}) (13... Qxc6 $142 14. Bb3 O-O-O 15. f5 Qc5 {[%cal Gc5e5]} 16. Rhf1
(16. g3 {[%csl Ye6][%cal Gc3e2,Ge2f4,Ge2d4]} Qe5 17. Qd3 h4 $132 (17... Bc6 18.
Qc4 Re8 19. Ba4 $16)) 16... Qe5 17. g3 $14) 14. f5 Qa7 {[%cal Ga7c5,Gc5e5]} (
14... Qa5 $2 15. Nd5 $1 Qd8 16. Nf4 $18) 15. Bb3 Qc5 $2 (15... O-O-O $142 16.
Rhf1 Be7 17. Na4 {[%cal Gd2a5]} d5 18. Qe2 $1 $16 {[%csl Gh5][%cal Ge4d5]} (18.
Qa5 Rxg2 19. Nb6+ Kb8 $13)) 16. fxe6 fxe6 17. e5 $3 {[%cal Gc3e4][%mdl 64]}
Qxe5 (17... d5 18. Ne4 $18) (17... fxe5 18. Ne4 $18 {[%cal Ge4f6]}) 18. Rhe1 (
18. Bxe6 $143 Bxe6 19. Rde1 Qg5 20. Rxe6+ Kd7 (20... Kf7 21. Qe1 Qxg2 22. Rf1
Rg6 23. Ne2 $40 {[%cal Ge2f4,Ge2d4]}) 21. Qe1 Qxg2 $132) 18... Qg5 19. Qd4 $1 (
19. Bxe6 Qxd2 20. Bxg8+ Qxe1 21. Rxe1+ Be7 $14) 19... O-O-O (19... d5 20. Ne4
$18) (19... c5 20. Qe4 $18) 20. Qa7 {[%cal Gb3c4,Gc4a6]} Qc5 $8 (20... Qa5 21.
Bc4 $18) 21. Qxa6+ Kb8 (21... Kc7 22. Na4 Qb5 23. Qa7+ Qb7 24. Qa5+ Kc8 25.
Nb6+ Kb8 26. Nxd7+ Rxd7 27. Bxe6 {and white wins}) 22. Bxe6 Bxe6 23. Rxe6 Rxg2
24. Rxf6 {[%cal Gf6f7]} Rg7 (24... Be7 25. Rf7 (25. Rf5 d5 26. Rxh5 $18) 25...
d5 26. h3 (26. Rxe7 Qxe7 27. Qb6+ Kc8 28. Qxc6+ Qc7)) 25. Qf1 (25. Ne4 Qb5 26.
Qxb5+ cxb5 27. Rf5 $18) 25... Be7 26. Rf5 Qb6 (26... d5 $142 27. Rxh5 Rdg8) 27.
Rf3 $1 {[%cal Gc3d5,Gf3b3]} (27. Rxh5 Rdg8 {gives to black consolidate their
position .}) 27... Rg4 28. a3 {[%cal Gc3d5,Gf3b3]} (28. Nd5 $2 cxd5 29. Rb3 Rb4
) 28... Ka8 29. Rf7 Rb8 30. b3 Bg5 31. h3 $1 Rg3 (31... Rh4 32. Rxd6) 32. Qc4 {
[%cal Gc4a4]} Rb7 33. Rf8+ Rb8 34. Qa4+ {34...Kb735Rf7-Kc836Ne4+-} 1-0

[Event "EU-Cup 20th"]
[Site "Izmir"]
[Date "2004.10.04"]
[Round "2.3"]
[White "Erdogdu, Mert"]
[Black "Avrukh, Boris"]
[Result "0-1"]
[WhiteElo "2393"]
[BlackElo "2614"]
[Annotator "Avrukh,B"]
[PlyCount "74"]
[EventDate "2004.10.03"]
[EventType "team-swiss"]
[EventRounds "7"]
[EventCountry "TUR"]
[SourceTitle "CBM 104"]
[Source "ChessBase"]
[SourceDate "2005.01.27"]
[SourceVersion "1"]
[SourceVersionDate "2005.01.27"]
[SourceQuality "1"]
[WhiteTeam "Istanbul Eczacibasi"]
[BlackTeam "Beer Sheva"]
[WhiteTeamCountry "TUR"]
[BlackTeamCountry "ISR"]

1. e4 c5 2. Nf3 d6 3. d4 cxd4 4. Nxd4 Nf6 5. Nc3 Nc6 6. Bg5 e6 7. Qd2 a6 8.
O-O-O Bd7 9. f3 ({Another popular alternative is} 9. f4) 9... Be7 10. h4 h6 11.
Be3 h5 {'!?' A relatively new and very interesting try, which promises a very
complicated battle in the middlegame.} 12. Bg5 Ne5 {The point, now Black's
knight has a good central square, and he is ready to meet a f4-advance with
Neg4} 13. Be2 {Most probably this move doesn't pose Black any serious problems.
} ({White has other interesting options:} 13. Bd3) ({and} 13. f4) 13... b5 14.
a3 {'N' The idea of this move is to avoid b5-b4 advance, but it looks very
artificial.} ({White has won a very nice game after the risky} 14. f4 b4 15.
Nd5 exd5 16. Bxf6 Bxf6 17. fxe5 Bxe5 18. Nf3 d4 19. Nxd4 a5 20. Nf3 $13 {
1-0 Ganguly,S-Sasikiran,K/Pune IND 2004/CT-1404 (60) , but it was quite clear
for me, that Black can easily improve on his play.}) 14... Rc8 ({secret} 14...
Qb6 15. f4 Nc4 16. Bxc4 bxc4 17. e5 Rb8) (14... Rb8 $5 15. f4 Nc4) 15. f4 Neg4
({During the game I felt that I should avoid the e4-e5 advance, and indeed
after} 15... Nc4 $2 16. Bxc4 Rxc4 17. e5 dxe5 18. fxe5 Ng4 {White has a clear
edge:} 19. Ne4 f6 $140 (19... O-O 20. Nd6 $16) 20. exf6 gxf6 21. Bxf6 $3 Bxf6 (
21... Nxf6 22. Qg5 $40 {[%csl Re8]}) 22. Nd6+ Ke7 23. Nxc4 bxc4 24. Nxe6 $1
Kxe6 25. Qd5+ Ke7 26. Rhe1+ Kf8 27. Qd6+ Kg7 28. Qxd7+ Qxd7 29. Rxd7+ Kg6 30.
Re6 $16 {[%csl Ga6,Gc4]}) 16. Bxg4 Nxg4 (16... hxg4 $2 17. e5 $16) 17. Bxe7 (
17. f5 Ne5 {[%cal Ge5c4] doesn't look very promising for White.}) 17... Qxe7
18. Nf3 Bc6 {'!?' A very interesting decision to sacrifice the pawn, which
leads to very unclear game.} ({After the logical} 18... Rc6 19. Nd5 Qd8 20.
Rhe1 O-O 21. Ne3 $13 {the play is very unclear.}) 19. Rhe1 O-O (19... Rd8 $2
20. Nd5 Qb7 21. Qc3 $1 {[%csl Gg7]} O-O $140 $2 22. Qxc6 {[%cal Gd5e7]}) 20.
Qxd6 Qb7 {'='} 21. f5 {'?' A dubious decision, which leads to Black's
initiative.} ({It was not so easy to find the right plan for White:} 21. Rd4 a5
22. Kb1 Rfe8 {[%cal Ge8e7,Ge7d7] and it's not so clear, how White can prevent
Black's idea (Re8-e7-d7).}) 21... exf5 (21... Rfe8 $143 22. Nd4 $1) 22. exf5
Bxf3 23. gxf3 Qxf3 24. Nd5 (24. Qxa6 Rxc3 $1 (24... Nf2 $5) 25. bxc3 Qxc3 {
[%csl Rc1]} 26. Qxb5 (26. Kb1 Ne3 27. Rxe3 Qxe3 28. Qxb5 Qxa3 $17) 26... Nf2 $1
27. Rd2 Nd3+ $1 28. Rxd3 Qxe1+ 29. Kb2 Rc8 {and White's position is very
unpleasant, due to the exposed position of his king.}) 24... Kh7 {'!'} (24...
Rcd8 25. Qc5 $13) 25. Qxa6 (25. Qf4 $142 Qb3 26. c3 Rfd8 $36) 25... Qxf5 {'?'}
({Missing a good chance to decide the game.} 25... Nf2 $1 26. Rf1 (26. Rd2 Nd3+
$19) (26. Qxb5 Nxd1 27. Rxd1 Qxf5 $19) 26... Qe2 (26... Qg2 $5) 27. Nc3 $8 Qe3+
28. Rd2 Rxc3 29. Rfxf2 Qe1+ 30. Rd1 Qxf2 31. bxc3 Qxf5 $17) 26. Nc3 {'!'} (26.
Nb4 Rfd8 $15) 26... Rc5 (26... b4 $140 27. axb4 Qf4+ 28. Kb1 Qxb4 29. Qb5 $1
$14) 27. Ne4 Rc4 (27... Re5 $5) 28. Ng5+ {'?'} (28. Qd6 $142 $1 {was the
critical move} Rxe4 $1 (28... Kg8 29. Rd5 Qc8 30. Nc3 $16 {[%csl Gb5,Gh5]} (30.
c3 $2 Re8)) (28... Rfc8 $140 $2 29. Ng5+ Kg8 30. Qd8+ $18) 29. Qxf8 (29. Rxe4
Qxe4 30. Qxf8 Ne3 31. Qc5 $8 Nxd1 32. Qxh5+ Kg8 33. Kxd1 (33. Qxd1 Qxh4 $15)
33... Qd4+ 34. Kc1 Qf4+ 35. Kb1 Qf1+ 36. Ka2 Qc4+ $11) 29... Ne3 30. Rd2 Nc4
31. Rxe4 Qxe4 32. Qxf7 Nxd2 33. Qxh5+ Kg8 34. Kxd2 Qd4+ 35. Ke2 (35. Kc1 Qf4+)
35... Qxb2 {and Black should hold this position easily.}) 28... Kg8 29. Rd2 (
29. c3 Nf2 $19 {[%csl Gh4][%cal Gf2d3]}) 29... Ne5 ({even stronger was} 29...
Ne3 $142 $3 30. c3 (30. Rxe3 Rxc2+ 31. Kd1 (31. Rxc2 Qf1+ 32. Kd2 Rd8+ 33. Kc3
Qc4#) 31... Rxd2+ 32. Kxd2 Qf2+ $19) 30... Rxh4 $17 {[%cal Ge3c4]}) 30. Qd6 {
'(+)'} (30. Kb1 $142 Rxh4 31. Rde2 Ng6 32. Ne4 $17) 30... Rxc2+ {'!' The final
blow, which easily decides the game.} 31. Rxc2 Nd3+ 32. Kd2 Nxe1 33. Rc3 Qf2+ (
33... Re8 34. Kc1 f6 $19) 34. Kc1 Qxh4 35. Qe7 Ng2 36. Kc2 (36. Kb1 $142 Nf4
$19) 36... Nf4 37. Kb3 {'(+)?'} Nd5 0-1

[Event "Moscow Aeroflot op-A"]
[Site "Moscow"]
[Date "2006.02.10"]
[Round "3"]
[White "Naiditsch, Arkadij"]
[Black "Alekseev, Evgeny V"]
[Result "1/2-1/2"]
[WhiteElo "2657"]
[BlackElo "2634"]
[Annotator "Avrukh,B"]
[PlyCount "58"]
[EventDate "2006.02.08"]
[EventType "swiss"]
[EventRounds "9"]
[EventCountry "RUS"]
[SourceTitle "CBM 112"]
[Source "ChessBase"]
[SourceDate "2006.06.07"]
[SourceVersion "1"]
[SourceVersionDate "2006.06.07"]
[SourceQuality "1"]

1. e4 c5 2. Nf3 d6 3. d4 cxd4 4. Nxd4 Nf6 5. Nc3 Nc6 6. Bg5 e6 7. Qd2 a6 8.
O-O-O Bd7 9. f3 Rc8 10. Kb1 $5 ({Another popular line is} 10. Nxc6) 10... Be7
11. h4 (11. g4 O-O 12. Be3 Nxd4 13. Bxd4 (13. Qxd4 Bc6 14. g5 Nd7 15. f4) 13...
b5 14. g5 Ne8 15. h4 Nc7 16. Ne2 Rb8 17. Ng3 Re8 18. f4 $16 {1/2-1/2 Karpov,
A-Hort,V/Montreal 1979(27)}) 11... O-O 12. g4 b5 13. Be3 {[%cal Gh4h5,Gg4g5]
Prepaing a typical pawn storm on the kingside.} Nxd4 14. Qxd4 {[%csl Gb4] It's
more accurate to take with the queen to prevent Black from pushing ...b4 right
away.} Bc6 15. h5 $5 ({It's not so easy to decide which pawn to push first,
because both moves have their advantages and disadvantages. In the previous
games White preferred to play 15.g5 and managed to get very promising
positions:} 15. g5 Nd7 16. h5 (16. Qd2 Ne5 17. f4 b4 18. Nd5 $1 exd5 19. exd5
Ba4 20. b3 $16 {1-0 Korneev,O-Campos,J/Manresa 1996 (24)}) 16... Bxg5 17. Bxg5
Qxg5 18. h6 Ne5 19. hxg7 Qxg7 20. Be2 Rfd8 21. a3 Rb8 22. Rh5 $44 {1-0 Magem
Badals,J-Campos,J/Manresa 1996 (41)}) 15... h6 $8 {[%csl Gg5] Otherwise
White's play on the kingside would've become extremely dangerous.} (15... e5
16. Qd2 b4 17. Nd5 (17. Ne2 Nxe4 18. fxe4 Bxe4 19. Ng3 Bxc2+ 20. Ka1 Bxd1 21.
Qxd1 Bg5 $15) 17... Nxd5 18. exd5 Ba4 19. Bd3 $40 {[%cal Gg4g6]}) 16. g5 e5 17.
Qd2 hxg5 18. Bh3 ({In my opinion} 18. Bxg5 $1 {would pose Black more problems.}
b4 19. Bxf6 bxc3 (19... Bxf6 20. Nd5 Bxd5 21. Qxd5 $16) 20. Bxe7 Qxe7 21. Qg2
cxb2 (21... Rb8 22. b3 d5 23. Rg1 Qf6 24. exd5 Rfd8 25. f4 exf4 26. Bxa6 $16)
22. Rg1 f6 23. Bxa6 $16 {[%csl Rg8][%cal Ga6c4,Gc4b3] with fantastic position.}
) 18... b4 19. Nd5 ({Of course bad is} 19. Ne2 $2 g4 $17 {[%csl Re4]}) 19...
Nxd5 20. exd5 Bd7 21. Bxd7 {The most natural response. White doesn't want to
allow Black to play ...f6.} (21. Rdg1 Bxh3 22. Rxh3 f6 23. Qd3 Qe8 $132) 21...
Qxd7 22. Bxg5 Bxg5 23. Qxg5 Qd8 $8 24. Qg4 a5 (24... Qf6 $2 25. Qxb4 Qxf3 26.
h6 $18) 25. f4 $1 Qf6 ({Black doesn't have time for} 25... Rc4 $2 26. Rdg1 Qf6
27. fxe5 $1 $18 {[%csl Rc4,Rf6]}) 26. fxe5 Qxe5 27. Rde1 Qf6 28. h6 g6 29. Rhf1
Rce8 {I think White could've played on as his chances are clearly better, but
things are not that simple.} (29... Rce8 30. Rd1 Qe5 31. Qh4 $14) 1/2-1/2